• 首页
  • 本馆介绍
  • 公告通知
  • 最新文献
  • 馆藏检索
  • 电子资源
  • 读者导购
  • 参考咨询
  • 我的图书馆
  • 登录
  • 详细信息显示
  • 放入我的书架
  • 预约/预借图书
  • 作者相关作品
  • 分类相关作品
  • 丛书相关作品
  • 出版社相关作品

书目信息

  • 表格格式
  • 工作单格式
  • 卡片格式
题名:
李鸿章与晚清四十年
    
 
作者: 雷颐 著
分册:  
出版信息: 太原   山西人民出版社  2008
页数: 314页
开本: 23cm
丛书名:
单 册:
中图分类: K827=52 , K252.066
科图分类:
主题词: 清后期--历史--史料 , 清后期
电子资源:
ISBN: 978-7-203-05968-4
000 01112nam0 2200289 45
001 1050873218
005 20100420091443.92
010    @a978-7-203-05968-4@dCNY29.80
100    @a20100408d2008 em y0chiy50 ea
101 0  @achi
102    @aCN@b140000
105    @aa z 000yd
106    @ar
200 1  @a李鸿章与晚清四十年@ALi Hong Zhang Yu Wan Qing Si Shi Nian@e历史漩涡里的重臣与帝国@ELi Shi Xuan Wo Li De Zhong Chen Yu Di Guo@f雷颐著@FLei Yi Zhu
210    @a太原@c山西人民出版社@d2008
215    @a314页@c照片@d23cm
330    @a本书依据清政府保留的奏折资料,从“为官”、“外交”、“洋务”等几个方面,分析了晚清重臣李鸿章与晚清帝国风雨飘摇的国事的关系,还对李鸿章给曾国藩、总理衙门、海军衙门的一些重要信函作了分析点评。
517 1  @a历史漩涡里的重臣与帝国@ALi Shi Xuan Wo Li De Zhong Chen Yu Di Guo
600  0 @a李鸿章@f(1823~1901)@x人物研究
600  0 @a李鸿章@f(1823~1901)
606 0  @a清后期@x历史@j史料
606 0  @a清后期
690    @aK827=52@v4
690    @aK252.066@v4
701  0 @a雷颐@ALei Yi@4著
801  0 @aCN@bTANGWEI@c20100420
905    @b0591289-93@dK827=52@e491LY@f5
    
    李鸿章与晚清四十年:历史漩涡里的重臣与帝国/雷颐著.-太原:山西人民出版社,2008
    314页:照片;23cm
    
    
    ISBN 978-7-203-05968-4:CNY29.80
    本书依据清政府保留的奏折资料,从“为官”、“外交”、“洋务”等几个方面,分析了晚清重臣李鸿章与晚清帝国风雨飘摇的国事的关系,还对李鸿章给曾国藩、总理衙门、海军衙门的一些重要信函作了分析点评。
●
相关链接 在E读中查询图书 在五车中查询图书 在当当中查询图书 在豆瓣中查询图书


正题名:李鸿章与晚清四十年     索取号:K827=52/491LY         预约/预借

序号 登录号 条形码 馆藏地/架位号 状态 备注
1 0591289   205912896   第二样本阅览室/ [索取号:K827=52/491LY] 在馆    
2 0591290   205912903   第二借阅区/ [索取号:K827=52/491LY] 在馆    
3 0591291   205912912   第二借阅区/ [索取号:K827=52/491LY] 在馆    
4 0591292   205912921   第二借阅区/ [索取号:K827=52/491LY] 在馆    
5 0591293   205912930   第二借阅区/ [索取号:K827=52/491LY] 在馆    
唐山师范学院图书馆 欢迎您!
大连网信软件有限公司© 版权所有